Piešťany Liečebný dom Balnea Grand

Zobrazenie: Tri čiastkové pohľady, dva v bielom orámovaní, vsadené do tretieho, tvoriaceho ich podklad. Hore sú v treťom pohľade vodorovne žltým písmom slová názvu. Pohľad na interiér hotela. Vľavo aj vpravo sú konferenčné stolíky so sedačkami. Vpravo hore je balkón, v pozadí podopretý mohutným stĺp...

Full description

Bibliographic Details
Other Authors: Ondrejkovič, Ivan, 1935-1998 (Photographer)
Format: Photo
Language:Slovak
PhysicalDescription:1 pohľadnica (3 čiastkové pohľady) farebná 11 x 15 cm
Published: Bratislava ČSTK-Pressfoto 1990
Subjects:

MARC

LEADER 00000nkm a2200000 a 4500
001 vtls012073308
003 SK-MaSNL
005 20260331212327.0
007 kf co
008 211014s1990 xo g 0kuslo
015 |a SNBG1990 
040 |a SNK  |b slo  |c SNK  |e AACR2 
041 0 |a slo 
043 |a e-xo--- 
044 |a xo  |c SK 
072 7 |a 913  |x Regionálna geografia  |2 konspekt 
080 |a 913(437.6)  |2 2011 
080 |a (084.121)  |2 2011 
080 |a 725.1:615.838  |2 2011 
080 |a 72.012.8  |2 2011 
080 |a 711.455:615.838  |2 2011 
080 |a 640.43  |2 2011 
080 |a 614.2:[725.1:614.21]  |2 2011 
100 1 |a Ondrejkovič, Ivan,  |d 1935-1998  |4 pht  |9 7599 
245 1 0 |a Piešťany  |h grafika  |b Liečebný dom Balnea Grand  |c foto: I. Ondrejkovič 
246 1 |i Názov na obrazovej časti:  |a Piešťany  |b Balnea Grand 
260 |a Bratislava  |b ČSTK-Pressfoto  |c 1990  |e Skalica  |f Grafobal 
300 |a 1 pohľadnica (3 čiastkové pohľady)  |b farebná  |c 11 x 15 cm 
520 8 |a Zobrazenie: Tri čiastkové pohľady, dva v bielom orámovaní, vsadené do tretieho, tvoriaceho ich podklad. Hore sú v treťom pohľade vodorovne žltým písmom slová názvu. Pohľad na interiér hotela. Vľavo aj vpravo sú konferenčné stolíky so sedačkami. Vpravo hore je balkón, v pozadí podopretý mohutným stĺpom. Pohľad na interiér reštaurácie, s tromi radmi prestretých stolov. Nad nimi visia malé lampy. Pohľad na kúpeľný dom Balnea Grand vpravo v pozadí. V popredí sedia na lavičke na ľavej strane chodníka dve osoby. Vľavo aj vpravo v popredí sú na trávnatých plochách kríky. V pozadí je chodníkom oddelená ďalšia trávnatá plocha s rôznymi kríkmi a stromami. Vpravo je vysoký topoľ a vľavo v pozadí sú husté listnaté stromy 
650 0 7 |a interiéry  |2 SNKPH  |9 2953 
650 0 7 |a reštaurácie  |2 SNKPH  |9 23080 
650 0 7 |a kúpele  |2 SNKPH  |9 1139 
650 0 7 |a kúpeľné budovy  |2 SNKPH  |9 102104 
650 0 7 |a liečebne  |2 SNKPH  |9 56920 
651 7 |a Piešťany (Slovensko)  |2 SNKPHgeo  |9 23981 
655 7 |a miestne pohľadnice  |2 SNKPH  |9 70510 
958 |a GBN 
958 |a GC 
958 |a OND 
999 |c 1216721  |d 1218651 
952 |a SNK  |b SNK  |y PREZ  |7 0  |p 17A1289810  |o snkSP 143849  |i snk5180/90  |0 0  |1 0  |4 0  |d 2021-10-14  |f 1  |l 0  |r 2026-02-24 23:31:44  |w 2026-02-24 
952 |a SNK  |b SNK  |y PREZ  |7 0  |p 17A1289809  |o snkSP 143849 D1  |i snk5181/90  |0 0  |1 0  |4 0  |d 2021-10-14  |l 0  |r 2026-02-24 23:31:44  |w 2026-02-24